Países que contienen las letras A y Z - Estadísticas

Estadísticas generales
  • Esta prueba ha sido intentada 356 veces
  • La puntuación promedio es 8 de 11
Estadísticas de respuestas
Continente País % Correcto
África Zambia
89%
África Zimbabue
87%
Asia Azerbaiyán
86%
Oceanía Nueva Zelanda
84%
Asia Kazajistán
74%
Asia Uzbekistán
71%
América Venezuela
70%
África Mozambique
67%
Europa Suiza
66%
África Tanzania
62%
Europa Bosnia y Herzegovina
59%
No se encontraron pruebas coincidentes
Distribución de puntuación
Porcentaje de gente con cada puntuación
Porcentaje por número respondido
Historial de tus puntuaciones
No has intentado esta prueba.